| 000 | 00815nam a2200253 a 4500 | ||
|---|---|---|---|
| 001 | 42418 | ||
| 003 | BD-RjUL | ||
| 005 | 20211209053535.0 | ||
| 008 | 160612s19612003ii |||| |b o001 ||eng d | ||
| 020 | _a8121903408 | ||
| 035 | _a(BD-RjUL) 42536 | ||
| 040 |
_aUk-ES _cUk-ES _dCu-RivES _dCStRLIN _dThomson Gale _dBD-RjUL _beng |
||
| 041 | _aeng | ||
| 082 |
_223 _a350 _bBHP 2003 |
||
| 100 | 1 |
_aBhagwan, Vishnoo _9130472 |
|
| 245 |
_aPublic administration / _cVishnoo Bhagwan, Vidya Bhushan |
||
| 260 |
_aNew Delhi : _bS. Chand & Company Ltd., _c1961 [Reprint 2003] |
||
| 300 |
_a[8], 814 p. ; _c21 cm. |
||
| 504 | _aIncludes bibliography and index. | ||
| 510 | 4 |
_aEnglish Short Title Catalog, _cESTCT83965. |
|
| 650 |
_aPublic administration _9117250 |
||
| 700 |
_aBhushan, Vidya _9130473 |
||
| 942 |
_2ddc _cBK _03 |
||
| 999 |
_c42418 _d42418 |
||